00809nam a2200205 i 4500001000700000003000900007005001700016008004100033040002000074080001100094110003200105245014600137246005500283260006800338300002100406650001700427700003600444700002900480852009400509158122ES-MaACL20230906211026.0040713s1883 sp |||| | spa d aCAM bspa cCAM a591.692 aLos Escolares Veterinarios.10aMemoria reglamentaria b: curso de 1882 a 1883 / cpor Joaquín González y García . Y discurso inaugural / por Victoriano Medina y Ruiz.35aDel parasitismo bajo el concepto de la etiología aMadrid : b[s.n.], c1883 (fImp. de la Viuda e Hijo de Aguado) a32 p. ; c22 cm.04aParásitos.1 aGonzález García, Joaquín.1 aMedina Ruiz, Victoriano. aES-MaACLjT-844-F-2 z- Enc. hol., conservando cub. original z- Enc. en un vol. facticio